The noble scholar, jurist, historian


 His Excellency Dr. Abdul Wahhab bin Ibrahim Abu Sulaiman, may Allah have mercy on him.


 He was born in Umm Al-Qura in the year 1356 AH.

شروط الأئمة الستة / (Record no. 9044)

MARC details
000 -LEADER
fixed length control field 01312cam a2200265 i 4500
003 - CONTROL NUMBER IDENTIFIER
control field SA-RiAUC
005 - DATE AND TIME OF LATEST TRANSACTION
control field 20250616084147.0
008 - FIXED-LENGTH DATA ELEMENTS--GENERAL INFORMATION
fixed length control field 250616q19001999ua g 00000 ara c
040 ## - CATALOGING SOURCE
Original cataloging agency SA-RiAUC
Language of cataloging ara
Transcribing agency SA-RiAUC
Description conventions rda
082 04 - DEWEY DECIMAL CLASSIFICATION NUMBER
Classification number 232
Assigning agency SA-RiAUC
090 ## - LOCALLY ASSIGNED LC-TYPE CALL NUMBER (OCLC); LOCAL CALL NUMBER (RLIN)
Classification number (OCLC) (R) ; Classification number, CALL (RLIN) (NR) 232
Local cutter number (OCLC) ; Book number/undivided call number, CALL (RLIN) ا ب ن ق
100 1# - MAIN ENTRY--PERSONAL NAME
Personal name ابن القيسراني، محمد بن طاهر بن علي،
Dates associated with a name 448-507 هجري
Relator term مؤلف.
245 10 - TITLE STATEMENT
Title شروط الأئمة الستة /
Statement of responsibility, etc. لأبي الفضل محمد بن طاهر بن علي المقدسى. ويليه شروط الأئمة الخمسة / لأبي بكر محمد بن موسى الحازمي ؛ علق عليها محمد زاهد الكوثري.
264 #1 - PRODUCTION, PUBLICATION, DISTRIBUTION, MANUFACTURE, AND COPYRIGHT NOTICE
Place of production, publication, distribution, manufacture القاهرة :
Name of producer, publisher, distributor, manufacturer مكتبة عاطف،
Date of production, publication, distribution, manufacture, or copyright notice [بين 1900 و1999]
300 ## - PHYSICAL DESCRIPTION
Extent 88 صفحة ؛
Dimensions 20 سم
336 ## - CONTENT TYPE
Content type term نص
Content type code txt
Source rdacontent
Materials specified كتاب
337 ## - MEDIA TYPE
Media type term بدون وسيط
Media type code n
Source rdamedia
338 ## - CARRIER TYPE
Carrier type term مجلد
Carrier type code nc
Source rdacarrier
650 #7 - SUBJECT ADDED ENTRY--TOPICAL TERM
Topical term or geographic name entry element الحديث
General subdivision شرح
Source of heading or term aucsh
700 12 - ADDED ENTRY--PERSONAL NAME
Personal name الحازمي، محمد بن موسى بن عثمان،
Dates associated with a name 548-584 هجري.
Title of a work شروط الأئمة الخمسة.
700 1# - ADDED ENTRY--PERSONAL NAME
Personal name الكوثري، محمد زاهد بن الحسن،
Dates associated with a name 1879-1952
Relator term معلق.
740 02 - ADDED ENTRY--UNCONTROLLED RELATED/ANALYTICAL TITLE
Uncontrolled related/analytical title شروط الأئمة الخمسة.
942 ## - ADDED ENTRY ELEMENTS (KOHA)
Source of classification or shelving scheme Dewey Decimal Classification
Koha item type Books
Suppress in OPAC No
949 ## - LOCAL PROCESSING INFORMATION (OCLC)
a SA-JeALM
d 250616
u mohamedma123
n 1
Holdings
Withdrawn status Lost status Source of classification or shelving scheme Damaged status Not for loan Home library Current library Date acquired Total checkouts Full call number Barcode Date last seen Price effective from Koha item type
    Dewey Decimal Classification     DR AbdElwahab Library DR AbdElwahab Library 06/16/2025   232 ا ب ن ق 000014688 06/16/2025 06/16/2025 Books